Statistiques concernant Anatomie d'une plante sur un dessin

Cliquez ici pour prendre le quiz!

Statistiques générales

  • Ce quiz a été pris 53 fois
  • Le résultat moyen est 10 sur 27

Réponses sur la Carte

Les réponses sont colorées sur une échelle allant du rouge au vert en fonction du pourcentage des utilisateurs qui les ont devinées à leur premier essai. Vous pouvez retrouver ces pourcentages ci-dessous.
 

Statistiques - réponses

Réponse% Correct
Fleur
61%
Système radiculaire/racinaire
61%
Nœud
58%
Feuille
55%
Racine principale/pivotante
55%
Système foliacé
55%
Bourgeon axillaire
52%
Nervures
52%
Poils absorbants
48%
Bourgeon apical/terminal
45%
Racine secondaire/fibreuse
45%
Bourgeon floral
42%
Collet
39%
Entre-nœud
39%
Tige végétative
32%
Radicelle
29%
Vrille
29%
Limbe
23%
Tige reproductrice
23%
Cicatrice
19%
Pétiole
19%
Rameau
19%
Coiffe
16%
Pousse axillaire
16%
Stomates
16%
Foliole
13%
Stipules
10%

Distribution des résultats

Percentile par nombre de réponses

% des personnes avec chaque résultat

Votre développement - résultats

Vous n’avez pas pris ce quiz